000 00705nam a22002417a 4500
003 UA-OsUOA
001 127963
007 ta
008 20171220b un ||||| |||| 00| 0 ukr d
100 _aОрлова Т. В.
090 _a94(100)(075.8)
_bО-66
942 _cBK
040 _aUA-OsUOA
_bukr
_cUA-OsUOA
_dUA-OsUOA
245 _aВсесвітня історія. Історія цивілізацій
_bнавчальний посібник
300 _a446 с.
955 _a2
041 _aukr
080 _a94(100)(075.8)
020 _a978-966-346-854-9
260 _aК.
_bЗнання
_c2012
650 7 _a9 Географія. Біографії. Історія
_2UDC
999 _c415232
_d415232